10 Richest Countries in North America Quiz Stats

Quiz Updated Mar 8, 2016

Challenge
Share
Tweet
Embed
Score 0/10 Timer 03:00
8 Plays Today
% Correct
United States
97.8%
Canada
96.1%
Mexico
82.1%
Bahamas
71.2%
Costa Rica
65%
Panama
58.6%
Barbados
49%
Saint Kitts and Nevis
42.3%
Antigua and Barbuda
40.2%
Trinidad and Tobago
39.7%

You're not logged in!

Compare scores with friends on all Sporcle quizzes.
Join for Free
OR
Log In

You Might Also Like...

Show Comments

Extras

Top Quizzes Today


Score Distribution

Your Account Isn't Verified!

In order to create a playlist on Sporcle, you need to verify the email address you used during registration. Go to your Sporcle Settings to finish the process.

Report this User

Report this user for behavior that violates our Community Guidelines.

Details: